The logic of Japanese politics : Leaders, institutions, and the limits of change

The Logic of Japanese Politics offers a hugely fascinating tour through contemporary Japanese politics. Gerry Curtis makes the mysterious understandable while shaking up your view of what might have seemed obvious. Specialists will appreciate Curtis expertise, but anyone who loves politics will be g...

وصف كامل

محفوظ في:
التفاصيل البيبلوغرافية
المؤلف الرئيسي: Curtis, Gerald L.
التنسيق: كتاب
اللغة:Undetermined
منشور في: New York Columbia University Press 1999
الموضوعات:
الوسوم: إضافة وسم
لا توجد وسوم, كن أول من يضع وسما على هذه التسجيلة!
Thư viện lưu trữ: Trung tâm Học liệu Trường Đại học Cần Thơ
LEADER 00974nam a2200229Ia 4500
001 CTU_118841
008 210402s9999 xx 000 0 und d
020 |c 83.5 
082 |a 320.952 
082 |b C978 
100 |a Curtis, Gerald L. 
245 4 |a The logic of Japanese politics : 
245 0 |b Leaders, institutions, and the limits of change 
245 0 |c Gerald L. Curtis 
260 |a New York 
260 |b Columbia University Press 
260 |c 1999 
520 |a The Logic of Japanese Politics offers a hugely fascinating tour through contemporary Japanese politics. Gerry Curtis makes the mysterious understandable while shaking up your view of what might have seemed obvious. Specialists will appreciate Curtis expertise, but anyone who loves politics will be grateful for this insightful look at how power works in Japan. 
650 |a Political culture 
650 |z Japan 
904 |i Truc 
980 |a Trung tâm Học liệu Trường Đại học Cần Thơ